House, M.D. - Characters by picture - Statistics

General Stats
  • This quiz has been taken 88 times
  • The average score is 11 of 16
Answer Stats
Picture Answer % Correct
Gregory House
100%
James Wilson
99%
Lisa Cuddy
99%
Robert Chase
96%
Eric Foreman
95%
Allison Cameron
94%
Remy 'Thirteen' Hadley
94%
Chris Taub
79%
Lawrence Kutner
78%
Martha M. Masters
64%
Chi Park
60%
Jessica Adams
49%
Amber Volakis
48%
Stacy Warner
33%
Edward Vogler
31%
Travis Brennan
6%
No matching quizzes found
Score Distribution
Percent of People with Each Score
Percentile by Number Answered
Your Score History
You have not taken this quiz